Fr. Conceicao Rodrigues College of Engineering

Unix concepts and applications (Record no. 22937)

MARC details
000 -LEADER
fixed length control field 00364nam a2200181Ia 4500
082 ## - DEWEY DECIMAL CLASSIFICATION NUMBER
Classification number 005.133/DAS
Item number DAS
100 ## - MAIN ENTRY--PERSONAL NAME
Personal name Das/Sumitabha
250 ## - EDITION STATEMENT
Edition statement 4
245 ## - TITLE STATEMENT
Title Unix concepts and applications
260 ## - PUBLICATION, DISTRIBUTION, ETC.
Name of publisher, distributor, etc. Tata
Place of publication, distribution, etc. New Delhi
Date of publication, distribution, etc. 2006
366 ## - TRADE AVAILABILITY INFORMATION
Publishers's discount category 20
300 ## - PHYSICAL DESCRIPTION
Extent 671
546 ## - LANGUAGE NOTE
Language note ENGLISH
650 ## - SUBJECT ADDED ENTRY--TOPICAL TERM
Topical term or geographic name entry element unix
654 ## - SUBJECT ADDED ENTRY--FACETED TOPICAL TERMS
Focus term unix
942 ## - ADDED ENTRY ELEMENTS (KOHA)
Koha item type BOOK
Holdings
Withdrawn status Lost status Damaged status Not for loan Collection Home library Current library Date acquired Source of acquisition Cost, normal purchase price Inventory number Total Checkouts Full call number Barcode Date last seen Cost, replacement price Price effective from Koha item type Date due Date last checked out
        CRC Fr. Agnel's C.Rodrigues College of Engineering Fr. Agnel's C.Rodrigues College of Engineering 17/03/2023 Nandu Book House 305.00 1655 dt 19/01/2008   005.133/DAS DAS 18250 17/03/2023 325.00   BOOK    
        CRC Fr. Agnel's C.Rodrigues College of Engineering Fr. Agnel's C.Rodrigues College of Engineering 17/03/2023 Nandu Book House 305.00 1655 dt 19/01/2008   005.133/DAS DAS 18251 17/03/2023 325.00   BOOK    
        CRC Fr. Agnel's C.Rodrigues College of Engineering Fr. Agnel's C.Rodrigues College of Engineering 17/03/2023 Nandu Book House 305.00 1655 dt 19/01/2008   005.133/DAS DAS 18252 17/03/2023 325.00   BOOK    
        CRC Fr. Agnel's C.Rodrigues College of Engineering Fr. Agnel's C.Rodrigues College of Engineering 17/03/2023 Nandu Book House 305.00 1655 dt 19/01/2008   005.133/DAS DAS 18253 17/03/2023 325.00   BOOK    
        CRC Fr. Agnel's C.Rodrigues College of Engineering Fr. Agnel's C.Rodrigues- College of Engineering 17/03/2023 Nandu Book House 305.00 1655 dt 19/01/2008 1 005.133/DAS DAS 18254 05/06/2023 325.00   BOOK 10/10/2009 05/06/2023